=LDR 00000nam 2200000 4500 =001 INLIS000000000005543 =005 20130612093802 =008 ***********************************Ind** =035 ##$$0010-061300000005543 =041 ##$$a Ind =082 ##$$a 133.5 =090 ##$$a 133.5, Mar f =100 ##$$a Martfori, Mark Douglas =245 ##$$a Feng Shui, Menemukan uang kesehatan dan cinta, Mark Douglas Marfori =260 ##$$a 1999 cm $b Jakarta =300 ##$$a xvi, 174 hlm, Ilus, 21 cm =650 ##$$a Horoskop =850 ##$$a NBPNMAT